000 00618nam a2200229 i 4500
001 17841
003 ES-MaACL
005 20230906151705.0
007 t|
008 010605s2000 sp ||||1| spa d
020 _a84-323-1048-4
080 _a821.111(73)-31"19"
100 1 _aWillis, Sarah.
_9116981
245 1 0 _aCosas que quedan /
_cSarah Willis.
250 _a1ª ed.
260 _aMadrid :
_bSiglo XXI de España,
_c2000.
300 _a333 p. ;
_c23 cm.
490 1 _aLa Creación literaria
830 0 _aLa Creación literaria
_9179894
852 _aES-MaACL
_jL-24637
_bR.129937
999 _c17841
_d17841